000 00403nam a2200145Ia 4500
008 231129s1990||||xx |||||||||||||| ||spa||
020 _a958-9028-71-3
040 _bspa
082 _a330.1543 P438m
100 _aPerez Francisco de Paula
245 0 _aMemoria de Hacienda 1929-1931-1946
260 _c1990
264 _aBanco de la Republica
942 _2ddc
_cBKS
999 _c20906
_d20906